√2- square root of 2 - Statistics

General Stats
  • This quiz has been taken 1,009 times
  • The average score is 5 of 50
Answer Stats
Answer % Correct
1.
100%
4
84%
1
66%
4
52%
2
41%
1
31%
3
26%
5
22%
6
18%
2
14%
3
11%
7
7%
3
6%
0
5%
9
5%
0
4%
5
4%
0
3%
4
3%
8
3%
1
2%
2
2%
4
2%
6
2%
7
2%
8
2%
8
2%
8
2%
9
2%
0
1%
0
1%
2
1%
5
1%
6
1%
6
1%
6
1%
7
1%
8
1%
8
1%
9
1%
9
1%
1
0%
3
0%
5
0%
6
0%
7
0%
7
0%
7
0%
8
0%
9
0%
No matching quizzes found
Score Distribution
Percent of People with Each Score
Percentile by Number Answered
Your Score History
You have not taken this quiz